| 000 | 00781nas a2200289 i 4500 | ||
|---|---|---|---|
| 001 | 2817 | ||
| 003 | ES-MaACL | ||
| 005 | 20250828062532.0 | ||
| 007 | t| | ||
| 008 | 001214c1990 sp t| | 0 ||pa d | ||
| 022 | _a1131-8600 | ||
| 080 | _a(460) | ||
| 080 | _a37 | ||
| 245 | 0 | 0 | _aSignos. |
| 260 |
_aGijón : _bCentro de Profesores de Gijón, _c1990- |
||
| 300 |
_a2 v. ; _c30 cm. |
||
| 310 | _aCuatrimestral | ||
| 362 | 0 | _aNº 1 (sept. 1990)- | |
| 650 | 7 |
_aEducación _2embne _912073 |
|
| 655 | 7 |
_2tgfbne _9226866 _aRevistas |
|
| 710 | 2 |
_aCentro de Profesores de Gijón. _92721 |
|
| 852 |
_aES-MaACL _jHem-1947 |
||
| 866 | 0 | _o1990(1991 f.n2)(1992 f.n5-6)1993-94(1995 f.n16). | |
| 942 |
_2udc _cPERIODICA |
||
| 999 |
_c2817 _d2817 |
||